000 00252nam a2200097Ia 4500
008 170620s9999 xx 000 0 und d
100 _aSingh & Pandey
245 0 _aEnglish Classroom Teaching With Theoretical
260 _bShahitya Prakashan- Agra
260 _c2015
300 _a151
999 _c28086
_d28086